000 00342 a2200109 4500
001 ART_31374
005 20260410161707.0
008 260409a
245 1 0 _aInstituciones sin fines de lucro prestadoras de servicios de salud
100 1 _aIacomucci, Norma H.
773 0 _tRevista Impuestos
_g- NÂș 10 (may. 2007)
_wREV639
999 _c15691
_d15691